Capitales Européennes par Drapeau # 1 - Statistiques

Statistiques générales
  • Ce quiz a été pris 115 fois
  • Le résultat moyen est 12 sur 18
Statistiques - réponses
Par images Réponse % Correct
Londres
97%
Stockholm
96%
Athènes
93%
Kiev
92%
Prague
88%
Budapest
86%
Copenhague
85%
Valetta
85%
Tirana
73%
Vaduz
68%
Belgrade
67%
Skopje
67%
Pristina
62%
Chișinău
61%
Ajaccio
60%
Bakou
47%
Tórshavn
11%
Tiraspol
3%
Aucun quiz correspondant
Distribution des résultats
% des personnes avec chaque résultat
Percentile par nombre de réponses
Votre historique - résultats
Vous n’avez pas pris ce quiz